Les entraîneurs champions de Ligue 1 - Statistiques

Statistiques générales
  • Ce quiz a été pris 696 fois
    177 depuis la dernière actualisation
  • Le résultat moyen est 24 sur 87
Statistiques - réponses
Année Club Entraîneur % Correct
2024/2025 Paris Saint-Germain Luis Enrique
98%
2023/2024 Paris Saint-Germain Luis Enrique
98%
2022/2023 Paris Saint-Germain Christophe Galtier
94%
2020/2021 LOSC Christophe Galtier
94%
2015/2016 Paris Saint-Germain Laurent Blanc
94%
2014/2015 Paris Saint-Germain Laurent Blanc
94%
2013/2014 Paris Saint-Germain Laurent Blanc
94%
2008/2009 Girondins de Bordeaux Laurent Blanc
94%
2019/2020 Paris Saint-Germain Thomas Tuchel
87%
2018/2019 Paris Saint-Germain Thomas Tuchel
87%
2017/2018 Paris Saint-Germain Unai Emery
83%
2012/2013 Paris Saint-Germain Carlo Ancelotti
81%
2009/2010 Olympique de Marseille Didier Deschamps
79%
2021/2022 Paris Saint-Germain Mauricio Pochettino
75%
2016/2017 AS Monaco Leonardo Jardim
71%
2010/2011 LOSC Rudi Garcia
59%
1995/1996 AJ Auxerre Guy Roux
48%
2011/2012 Montpellier HSC René Girard
44%
2004/2005 Olympique Lyonnais Paul Le Guen
43%
2003/2004 Olympique Lyonnais Paul Le Guen
43%
2002/2003 Olympique Lyonnais Paul Le Guen
43%
2006/2007 Olympique Lyonnais Gérard Houllier
37%
2005/2006 Olympique Lyonnais Gérard Houllier
37%
1985/1986 Paris Saint-Germain Gérard Houllier
37%
1999/2000 AS Monaco Claude Puel
36%
1986/1987 Girondins de Bordeaux Aimé Jacquet
30%
1984/1985 Girondins de Bordeaux Aimé Jacquet
30%
1983/1984 Girondins de Bordeaux Aimé Jacquet
30%
2007/2008 Olympique Lyonnais Alain Perrin
27%
1991/1992 Olympique de Marseille Raymond Goethals
27%
1990/1991 Olympique de Marseille Raymond Goethals
27%
1994/1995 FC Nantes Jean-Claude Suaudeau
25%
1982/1983 FC Nantes Jean-Claude Suaudeau
25%
2001/2002 Olympique Lyonnais Jacques Santini
23%
1987/1988 AS Monaco Arsène Wenger
21%
1996/1997 AS Monaco Jean Tigana
21%
1980/1981 AS Saint-Etienne Robert Herbin
21%
1975/1976 AS Saint-Étienne Robert Herbin
21%
1974/1975 AS Saint-Étienne Robert Herbin
21%
1973/1974 AS Saint-Étienne Robert Herbin
21%
1998/1999 Girondins de Bordeaux Élie Baup
19%
1993/1994 Paris Saint-Germain Artur Jorge
17%
1997/1998 RC Lens Daniel Leclercq
16%
2000/2001 FC Nantes Raynald Denoueix
16%
1989/1990 Olympique de Marseille Gérard Gili
11%
1988/1989 Olympique de Marseille Gérard Gili
11%
1969/1970 AS Saint-Étienne Albert Batteux
9%
1968/1969 AS Saint-Étienne Albert Batteux
9%
1967/1968 AS Saint-Étienne Albert Batteux
9%
1961/1962 Stade de Reims Albert Batteux
9%
1959/1960 Stade de Reims Albert Batteux
9%
1957/1958 Stade de Reims Albert Batteux
9%
1954/1955 Stade de Reims Albert Batteux
9%
1952/1953 Stade de Reims Albert Batteux
9%
1978/1979 Strasbourg Gilbert Gress
8%
1981/1982 AS Monaco Gérard Banide
6%
1972/1973 FC Nantes José Arribas
6%
1965/1966 FC Nantes José Arribas
6%
1964/1965 FC Nantes José Arribas
6%
1977/1978 AS Monaco Lucien Leduc
6%
1970/1971 Olympique de Marseille Lucien Leduc
6%
1962/1963 AS Monaco Lucien Leduc
6%
1960/1961 AS Monaco Lucien Leduc
6%
1949/1950 Girondins de Bordeaux André Gérard
5%
1979/1980 FC Nantes Jean Vincent
4%
1976/1977 FC Nantes Jean Vincent
4%
1966/1967 AS Saint-Étienne Jean Snella
2%
1963/1964 AS Saint-Étienne Jean Snella
2%
1956/1957 AS Saint-Étienne Jean Snella
2%
1971/1972 Olympique de Marseille Mario Zatelli
2%
1953/1954 Lille OSC André Cheuva
1%
1945/1946 Lille OSC George Berry
1%
1958/1959 OGC Nice Jean Luciano
1%
1955/1956 OGC Nice Luis Carniglia
1%
1951/1952 OGC Nice Numa Andoire
1%
1950/1951 OGC Nice Numa Andoire
1%
1946/1947 CO Roubaix-Tourcoing Charles Demeillez
0%
1937/1938 Sochaux Conrad Ross
0%
1934/1935 Sochaux Conrad Ross
0%
1935/1936 Racing Club de Paris George Kimpton
0%
1947/1948 Olympique de Marseille Giuseppe Zilizzi
0%
1948/1949 Stade de Reims Henri Roessler
0%
1938/1939 Sète Jean Marmiès
0%
1936/1937 Olympique de Marseille József Eisenhoffer
0%
1992/1993 Non attribué Non attribué
0%
1933/1934 Sète René Dedieu
0%
1932/1933 Olympique lillois Robert De Veen
0%
Aucun quiz correspondant
Distribution des résultats
% des personnes avec chaque résultat
Percentile par nombre de réponses
Votre historique - résultats
Vous n’avez pas pris ce quiz depuis la dernière actualisation